| 000 | 00440nam a2200181 4500 | ||
|---|---|---|---|
| 005 | 20260223134437.0 | ||
| 008 | CU66 | ||
| 020 | _a0070599440 | ||
| 050 | _aHF 5686.C8 KHA | ||
| 100 | _aKHAN M.Y. | ||
| 245 | _aCOST ACCOUNTING AND FINANCIAL MANAGEMENT FOR CA PROFESSIONAL EXAMINATION II | ||
| 250 | _a2ND | ||
| 260 |
_aNEW DELHI _bTATA McGRAW HILL _c2006 |
||
| 300 | _aXV, | ||
| 500 | _aINDEX | ||
| 700 | _aJAIN P.K. | ||
| 942 |
_2lcc _cBK _n0 |
||
| 999 |
_c8810 _d8810 |
||